书目信息 |
| 题名: |
隋唐文化史
|
|
| 作者: | 徐连达 著 | |
| 分册: | ||
| 出版信息: | 合肥 安徽文艺出版社 2017 |
|
| 页数: | 28,449页 | |
| 开本: | 24cm | |
| 丛书名: | 中国历代文化史书系 | |
| 单 册: | ||
| 中图分类: | K241.03 | |
| 科图分类: | ||
| 主题词: | 文化史--wen hua shi--中国--隋唐时代 | |
| 电子资源: | ||
| ISBN: | 978-7-5396-5822-3 | |
| 000 | 00956nam0 22002651 450 | |
| 001 | 1761011401 | |
| 005 | 20170621092301.12 | |
| 010 | @a978-7-5396-5822-3@dCNY68.00 | |
| 100 | @a20170210d2017 em y0chiy50 ea | |
| 101 | 0 | @achi |
| 102 | @aCN@b340000 | |
| 105 | @ay z 000yy | |
| 106 | @ar | |
| 200 | 1 | @a隋唐文化史@9sui tang wen hua shi@f徐连达著 |
| 205 | @a修订版 | |
| 210 | @a合肥@c安徽文艺出版社@d2017 | |
| 215 | @a28,449页@d24cm | |
| 225 | 2 | @a中国历代文化史书系@9zhong guo li dai wen hua shi shu xi |
| 330 | @a全书从隋唐人的衣食住行说起,包括婚丧嫁娶、人际交往、家族社群、教育科举、宗教迷信、时令节日、衣冠服饰、书法绘画、娱乐游戏等,内容涵盖了当时人们生活的方方面面,向读者展示了隋唐时期人们社会活动的全貌。 | |
| 461 | 0 | @12001 @a中国历代文化史书系 |
| 606 | 0 | @a文化史@9wen hua shi@y中国@z隋唐时代 |
| 690 | @aK241.03@v5 | |
| 701 | 0 | @a徐连达@9xu lian da@4著 |
| 801 | 0 | @aCN@b百万庄@c20170619 |
| 905 | @b1013886-8@dK241.03@e15=2@f3 | |
| 隋唐文化史/徐连达著 .-修订版.-合肥:安徽文艺出版社,2017 |
| 28,449页;24cm.-(中国历代文化史书系) |
| ISBN 978-7-5396-5822-3:CNY68.00 |
| 全书从隋唐人的衣食住行说起,包括婚丧嫁娶、人际交往、家族社群、教育科举、宗教迷信、时令节日、衣冠服饰、书法绘画、娱乐游戏等,内容涵盖了当时人们生活的方方面面,向读者展示了隋唐时期人们社会活动的全貌。 |
| ● |
| 相关链接 |
|
|
|
|
正题名:隋唐文化史
索取号:K241.03/15=2
 
预约/预借
| 序号 | 登录号 | 条形码 | 馆藏地/架位号 | 状态 | 备注 |
| 1 | 1013886 | 210138867 | 第二样本阅览室/ [索取号:K241.03/15=2] | 在馆 | |
| 2 | 1013887 | 210138876 | 第二借阅区/ [索取号:K241.03/15=2] | 在馆 | |
| 3 | 1013888 | 210138885 | 教育系资料室/ [索取号:K241.03/15=2] | 在馆 |